| 000 | 00607nam a2200181 a 4500 | ||
|---|---|---|---|
| 005 | 20220606095453.0 | ||
| 008 | 991125s1963 mx 000 0 spa u | ||
| 035 | _aUPN01000000120 | ||
| 049 | _aCG | ||
| 050 | 4 |
_aF1234 _bB5.3 no.29 |
|
| 100 | 1 |
_aMorales Jiménez, Alberto _929386 |
|
| 245 | 1 | 0 |
_a1910 Biografía de un año decisivo / _cAlberto Morales Jiménez. |
| 260 |
_aMéxico : _bINEHRM, _c1963. |
||
| 300 | _a149 p. | ||
| 440 | 0 |
_aBiblioteca del Instituto Nacional de Estudios Históricos de la Revolución Mexicana ; _v29 |
|
| 651 | 2 |
_aMéxico _xHistoria _yRevolución, 1913-1915 _910671 |
|
| 905 | _aLibro | ||
| 999 |
_c120 _d120 |
||